000 00572nam a2200157Ia 4500
008 151213s9999 xx 000 0 und d
100 _aমিসেস নাজনীন হোসেন।
245 _aসম্পত্তি হ¯ত্তান্তও আইন
_cমিসেস নাজনীন হোসেন।
250 _a1st
260 _aDhaka
_bজফাতেমা 'ল’ বুক হাউস।
_c2008
300 _a5116 p.
650 _aLaw
650 _aLaw
700 _aমিসেস নাজনীন হোসেন।
999 _c3158
_d3158